000 00349nam a22001217a 4500
008 230612b xxu||||| |||| 00| 0 eng d
082 _a354.676
_bGOK
100 _cGOK
245 _aStatistical Abstract
_b1998
_cCentral Bureau of Statistics
_hMinistry of Finance and Planning
260 _aNairobi, Kenya
_bGOK
_c1998
300 _a334p
942 _2ddc
_cBK
999 _c1087
_d1087